[Event "London Classic Open 2014"]
[Site "London ENG"]
[Date "2014.12.14"]
[Round "8.10"]
[White "Chirila, Ioan-Cristian"]
[Black "Milliet, Sophie"]
[Result "1-0"]
[WhiteTitle "GM"]
[BlackTitle "IM"]
[WhiteElo "2547"]
[BlackElo "2387"]
[WhiteFideId "1211668"]
[BlackFideId "623725"]
[EventDate "2014.12.08"]

1. d4 Nf6 2. c4 e6 3. Nf3 b6 4. g3 Bb7 5. Bg2 Be7 6. O-O O-O 7. Nc3 Ne4 8. Bd2
f5 9. Ne5 Bf6 10. Qc2 Nxc3 11. Bxc3 Bxg2 12. Kxg2 d6 13. Nd3 Qe8 14. f3 Nd7 15.
Nf4 g5 16. Nh3 Qg6 17. f4 g4 18. Nf2 d5 19. Qa4 Qf7 20. Qc6 Rac8 21. Nd3 Nb8 22.
Qa4 Qd7 23. Qxd7 Nxd7 24. cxd5 exd5 25. Ne5 Nxe5 26. fxe5 Bg5 27. Rad1 Kg7 28.
h4 gxh3+ 29. Kxh3 Kg6 30. Rf3 h5 31. Bb4 c5 32. Ba3 Rfe8 33. e3 cxd4 34. exd4
Rc4 35. Bd6 Be7 36. b3 Rc2 37. Bxe7 Rxe7 38. Rdf1 Rd2 39. Rxf5 Rxd4 40. Rf6+ Kg7
41. R6f5 Re4 42. Rg5+ Kh6 43. Rff5 d4 44. Rxh5+ Kg7 45. Rhg5+ Kh6 46. Rg4 Rxg4
47. Kxg4 d3 48. Kf3 Kg6 49. g4 d2 50. Ke2 Rd7 51. Kd1 Rd4 52. e6 Re4 53. Kxd2
Rxe6 54. Kd3 Rc6 55. a4 Rc1 56. Rf4 Kg5 57. Rc4 Rg1 58. Re4 Rc1 59. Re7 a6 60.
Re6 b5 61. Rxa6 b4 62. Rb6 Rc3+ 63. Kd4 Rxb3 64. Kc5 Rc3+ 65. Kxb4 Rc1 66. a5
Kxg4 67. a6 Ra1 68. Kc5 Rc1+ 69. Kb5 Ra1 70. Kc6 Rf1 71. a7 Rf6+ 72. Kb7 Rf7+
73. Ka6 Rf8 74. Rb8 Rf6+ 75. Kb5 Rf5+ 76. Kc4 1-0

[Event "London Classic Open 2014"]
[Site "London ENG"]
[Date "2014.12.14"]
[Round "8.11"]
[White "Stopa, Jacek"]
[Black "Cox, John J"]
[Result "1-0"]
[WhiteTitle "IM"]
[BlackTitle "IM"]
[WhiteElo "2521"]
[BlackElo "2361"]
[WhiteFideId "1119591"]
[BlackFideId "401064"]
[EventDate "2014.12.08"]

1. Nf3 d5 2. c4 d4 3. b4 f6 4. e3 e5 5. c5 d3 6. Bb2 a5 7. Qa4+ c6 8. b5 Bxc5 9.
Qc4 Qe7 10. Bxd3 cxb5 11. Qc2 Nc6 12. Bxb5 Bd7 13. O-O e4 14. Rc1 exf3 15. Qxc5
Qxc5 16. Rxc5 fxg2 17. Na3 Nge7 18. Nc4 Nc8 19. d4 Kd8 20. Rc1 Nb4 21. Bxd7 Kxd7
22. Rb5 Ra7 23. a3 Nc6 24. d5 N6e7 25. Bd4 b6 26. e4 a4 27. Kxg2 Re8 28. Nxb6+
Nxb6 29. Rxb6 Ng6 30. Rb4 Ra6 31. Be3 Ne5 32. Rb7+ 1-0

[Event "London Classic Open 2014"]
[Site "London ENG"]
[Date "2014.12.14"]
[Round "8.12"]
[White "Kiik, Kalle"]
[Black "Piorun, Kacper"]
[Result "1/2-1/2"]
[WhiteTitle "IM"]
[BlackTitle "GM"]
[WhiteElo "2372"]
[BlackElo "2517"]
[WhiteFideId "4500075"]
[BlackFideId "1130420"]
[EventDate "2014.12.08"]

1. e4 c5 2. c3 d5 3. exd5 Qxd5 4. d4 Nc6 5. Nf3 Bf5 6. Be3 Nf6 7. Na3 cxd4 8.
Nb5 O-O-O 9. Nbxd4 Ng4 10. Qb3 Nxe3 11. fxe3 e6 12. Qxd5 Rxd5 13. Bc4 Rc5 14.
Nxf5 Rxc4 15. N5d4 Nd8 16. O-O-O Rc5 17. Rhf1 Be7 18. Kc2 Ra5 19. a3 g6 20. e4
f5 21. exf5 exf5 22. Rfe1 Bf6 23. Nb3 Rb5 24. a4 Rb6 25. Nc5 Rc6 26. Nd7 h6 27.
a5 g5 28. Rd5 f4 29. h3 Rg8 30. Re2 Bh8 31. Nc5 b6 32. axb6 axb6 33. Nd3 Rcg6
34. Re7 Nc6 35. Rh7 Bg7 36. Rf5 Re8 37. Rf7 Re7 38. Rxe7 Nxe7 39. Nde5 Bxe5 40.
Rxe7 Bd6 41. Rh7 g4 42. hxg4 Rxg4 43. Ne1 Rg6 44. Kd3 Bc5 45. b4 Bf2 46. Nf3
Rxg2 47. Rxh6 Be3 48. Ke4 Kc7 49. Ne5 Rg7 50. Rc6+ Kb7 51. Re6 Bd2 52. Kd3 Be1
53. Nf3 1/2-1/2

[Event "London Classic Open 2014"]
[Site "London ENG"]
[Date "2014.12.14"]
[Round "8.13"]
[White "Maisuradze, Nino"]
[Black "Fodor, Tamas Jr."]
[Result "0-1"]
[WhiteTitle "WGM"]
[BlackTitle "GM"]
[WhiteElo "2323"]
[BlackElo "2499"]
[WhiteFideId "13601717"]
[BlackFideId "723762"]
[EventDate "2014.12.08"]

1. d4 e6 2. c4 b6 3. Nc3 Bb7 4. e4 Bb4 5. f3 Ne7 6. Bd3 f5 7. Nh3 fxe4 8. fxe4
O-O 9. Bg5 Nbc6 10. a3 Bxc3+ 11. bxc3 e5 12. d5 Na5 13. c5 Qe8 14. Ra2 h6 15.
Bh4 Bc8 16. Rf2 Ng6 17. O-O Rxf2 18. Bxf2 d6 19. cxd6 cxd6 20. Bg3 Bd7 21. Be2
Rc8 22. Bh5 Nc4 23. Rf3 Kh7 24. Bh4 Qh8 25. Bxg6+ Kxg6 26. Rg3+ Kh7 27. Ng5+
hxg5 28. Qh5+ Kg8 29. Qxg5 Rf8 30. Qe7 Rf7 31. Qd8+ Kh7 32. Qg5 Qf8 33. Qg6+ Kg8
34. h3 Rf1+ 35. Kh2 Qf7 36. Qg5 Kh7 37. Qd8 Nd2 38. Be7 Qf2 0-1

[Event "London Classic Open 2014"]
[Site "London ENG"]
[Date "2014.12.14"]
[Round "8.14"]
[White "Arkell, Keith C"]
[Black "Gourlay, Iain"]
[Result "1/2-1/2"]
[WhiteTitle "GM"]
[BlackTitle "FM"]
[WhiteElo "2489"]
[BlackElo "2360"]
[WhiteFideId "400270"]
[BlackFideId "2401533"]
[EventDate "2014.12.08"]

1. Nf3 d5 2. c4 c6 3. d4 Nf6 4. Qc2 g6 5. e3 Bg7 6. Bd3 O-O 7. O-O c5 8. cxd5
cxd4 9. e4 e6 10. Bg5 h6 11. Bxf6 Qxf6 12. e5 Qf4 13. Nbd2 exd5 14. Rfe1 Nc6 15.
g3 Qg4 16. Qb3 Be6 17. Bf1 Qh5 18. h3 Bxh3 19. Bxh3 Qxh3 20. Qxb7 Qe6 21. Qb3
Rab8 22. Qa3 Rfc8 23. Rac1 Bf8 24. Qa6 Rxb2 25. Kg2 Rb6 26. Qd3 Nb4 27. Qf1 Nxa2
28. Nxd4 Qg4 29. Rxc8 Qxc8 30. N2f3 Qc4 31. Qh1 1/2-1/2

[Event "London Classic Open 2014"]
[Site "London ENG"]
[Date "2014.12.14"]
[Round "8.15"]
[White "Hector, Jonny"]
[Black "Amato, Andrea"]
[Result "1-0"]
[WhiteTitle "GM"]
[BlackTitle "FM"]
[WhiteElo "2477"]
[BlackElo "2338"]
[WhiteFideId "1700090"]
[BlackFideId "813222"]
[EventDate "2014.12.08"]

1. e4 c5 2. Nf3 Nc6 3. Nc3 g6 4. d4 cxd4 5. Nxd4 Bg7 6. Be3 Nf6 7. Bc4 O-O 8.
Bb3 a5 9. f3 d5 10. Bxd5 Nxd5 11. exd5 Nb4 12. Nde2 Bf5 13. Rc1 e6 14. O-O Nxd5
15. Nxd5 exd5 16. Nd4 Bd7 17. Qd2 Qh4 18. c3 Rfe8 19. Rf2 Qe7 20. Re1 Qd6 21.
Rfe2 h5 22. Bf4 Rxe2 23. Rxe2 Qc5 24. Be5 Bf8 25. Qf4 Ra6 26. g4 hxg4 27. fxg4
g5 28. Qf3 Be7 29. h3 b5 30. Kg2 b4 31. Rf2 f6 32. Qd3 Qc4 33. Qg6+ Kf8 34. Qxg5
bxc3 35. bxc3 Qd3 36. Bxf6 Bxf6 37. Rxf6+ Rxf6 38. Qxf6+ Ke8 39. Qf3 Qb1 40.
Qxd5 a4 41. Nf3 Bb5 42. Kg3 Bd3 43. Qc6+ Kf8 44. Qxa4 Qf1 45. Qa8+ Kg7 46. Qa7+
Kg8 47. Qb8+ Kg7 48. Qe5+ Kg8 49. Qe1 1-0

[Event "London Classic Open 2014"]
[Site "London ENG"]
[Date "2014.12.14"]
[Round "8.16"]
[White "Dale, Ari"]
[Black "Wagner, Dennis"]
[Result "1-0"]
[WhiteTitle "IM"]
[BlackTitle "IM"]
[WhiteElo "2252"]
[BlackElo "2488"]
[WhiteFideId "3213145"]
[BlackFideId "24650684"]
[EventDate "2014.12.08"]

1. d4 Nf6 2. c4 e6 3. Nc3 Bb4 4. e3 O-O 5. Bd3 d5 6. Nf3 dxc4 7. Bxc4 c5 8. O-O
b6 9. Qe2 Bb7 10. Rd1 Qe7 11. a3 Bxc3 12. bxc3 Nbd7 13. Bb2 e5 14. dxe5 Nxe5 15.
Nxe5 Qxe5 16. f3 h5 17. e4 h4 18. h3 Nh5 19. Qf2 Qg5 20. Bc1 Nf4 21. Bxf4 Qxf4
22. Rd7 Bc6 23. Qd2 Qe5 24. Rd6 Ba4 25. Re1 Kh8 26. Rd5 Qe7 27. Rh5+ Kg8 28. Qf4
Bd7 29. e5 g6 30. Rh8+ Kxh8 31. Qh6+ Kg8 32. Qxg6+ Kh8 33. Qh6+ Kg8 34. Bd3 f6
35. Bc4+ Rf7 36. e6 Bxe6 37. Rxe6 Qf8 38. Qh5 Kg7 39. Re4 f5 40. Re6 Rf6 41.
Qg5+ 1-0

[Event "London Classic Open 2014"]
[Site "London ENG"]
[Date "2014.12.14"]
[Round "8.17"]
[White "Bukojemski, Adam"]
[Black "Fernandez, Daniel Howard"]
[Result "0-1"]
[BlackTitle "IM"]
[WhiteElo "2214"]
[BlackElo "2454"]
[WhiteFideId "1114620"]
[BlackFideId "5801605"]
[EventDate "2014.12.08"]

1. e4 e6 2. d4 d5 3. e5 b6 4. f4 Ne7 5. c3 Qd7 6. Na3 Ba6 7. Bxa6 Nxa6 8. Qd3
Nb8 9. Nf3 h5 10. g3 c5 11. Nc2 g6 12. Bd2 Qa4 13. b3 Qa6 14. Qxa6 Nxa6 15. Ke2
Rc8 16. Rhc1 Nf5 17. b4 cxb4 18. cxb4 Rc4 19. Na3 Rxc1 20. Rxc1 Kd7 21. Nb5 Be7
22. a3 Ra8 23. Be1 Bd8 24. h3 Nc7 25. Nxc7 Bxc7 26. g4 Nh6 27. Ng5 Bd8 28. Bd2
hxg4 29. hxg4 b5 30. Nf3 Nxg4 31. Rh1 Be7 32. Rh7 Rf8 33. Be1 Rc8 34. Rxf7 Nh6
35. Rg7 Nf5 36. Rxg6 Rc2+ 37. Bd2 Ra2 38. Rg1 Rxa3 39. Rb1 Ng3+ 0-1

[Event "London Classic Open 2014"]
[Site "London ENG"]
[Date "2014.12.14"]
[Round "8.18"]
[White "Mihajlov, Sebastian"]
[Black "Hagen, Andreas Skytte"]
[Result "1/2-1/2"]
[WhiteTitle "FM"]
[BlackTitle "IM"]
[WhiteElo "2278"]
[BlackElo "2430"]
[WhiteFideId "1512110"]
[BlackFideId "1407341"]
[EventDate "2014.12.08"]

1. d4 Nf6 2. c4 e6 3. Nc3 Bb4 4. e3 O-O 5. Ne2 d5 6. a3 Be7 7. cxd5 exd5 8. Ng3
Re8 9. Bd3 c6 10. O-O Bd6 11. Bd2 Be6 12. b4 a5 13. Na4 axb4 14. axb4 b6 15. Qc2
Qc7 16. Rfc1 Rc8 17. Qb2 Nbd7 18. Bc3 b5 19. Nc5 Nb6 20. Rxa8 Rxa8 21. Ra1 Qb8
22. Rxa8 Qxa8 23. Qa1 Qxa1+ 24. Bxa1 g6 25. Ne2 Kf8 26. h3 Ke7 27. f3 Ne8 28.
Kf2 Bc7 29. Nc1 Nd6 30. N1b3 Nbc4 31. g4 1/2-1/2

[Event "London Classic Open 2014"]
[Site "London ENG"]
[Date "2014.12.14"]
[Round "8.19"]
[White "Adair, James R"]
[Black "Prosviriakov, Vladimir"]
[Result "1-0"]
[WhiteTitle "IM"]
[BlackTitle "IM"]
[WhiteElo "2428"]
[BlackElo "2271"]
[WhiteFideId "406252"]
[BlackFideId "2004860"]
[EventDate "2014.12.08"]

1. e4 g6 2. d4 Bg7 3. Nc3 d6 4. f4 a6 5. Nf3 b5 6. Bd3 Nd7 7. a4 b4 8. Ne2 c5 9.
c3 bxc3 10. bxc3 cxd4 11. cxd4 Nc5 12. Bc2 Bg4 13. Ra3 Nd7 14. O-O Ngf6 15. h3
Bxf3 16. Raxf3 O-O 17. e5 Ne8 18. Nc3 Nb6 19. Bb3 a5 20. f5 gxf5 21. Rxf5 dxe5
22. Qf3 Qxd4+ 23. Be3 Qb4 24. Rxf7 Nf6 25. Rxf8+ Kxf8 26. Nd5 Qxb3 27. Nxf6 e4
28. Qg3 1-0

[Event "London Classic Open 2014"]
[Site "London ENG"]
[Date "2014.12.14"]
[Round "8.20"]
[White "Houska, Jovanka"]
[Black "Stamos, Filippos"]
[Result "1/2-1/2"]
[WhiteTitle "IM"]
[WhiteElo "2388"]
[BlackElo "2060"]
[WhiteFideId "405094"]
[BlackFideId "4242807"]
[EventDate "2014.12.08"]

1. d4 Nf6 2. Nf3 e6 3. c4 Bb4+ 4. Bd2 Qe7 5. g3 Nc6 6. Nc3 O-O 7. Bg2 Na5 8. b3
b6 9. O-O Bb7 10. Qc2 Rac8 11. Bc1 c5 12. dxc5 Bxc5 13. a3 Bd6 14. Nb5 Bb8 15.
Bd2 Nc6 16. e4 a6 17. Nc3 b5 18. cxb5 axb5 19. b4 Ne5 20. Nxe5 Bxe5 21. Qd3 Bxc3
22. Bxc3 Nxe4 23. Bd4 f5 24. Qxb5 Nd6 25. Qd3 Be4 26. Bxe4 fxe4 27. Qe2 Nf5 28.
Rad1 Nxd4 29. Rxd4 d5 30. a4 Qa7 31. Qd1 Rf3 32. b5 Rcf8 33. Kg2 e3 34. Rf4
R8xf4 35. gxf4 Rxf2+ 36. Rxf2 exf2 37. Qe2 Kf7 38. f5 exf5 39. Qe5 Qxa4 40.
Qxf5+ Ke7 41. Qe5+ Kf8 42. Qd6+ Ke8 43. Qe6+ Kf8 44. b6 Qf4 45. Kf1 d4 46. Qc8+
Ke7 47. b7 1/2-1/2

[Event "London Classic Open 2014"]
[Site "London ENG"]
[Date "2014.12.14"]
[Round "8.21"]
[White "Okike, David"]
[Black "Buckley, Graeme N"]
[Result "0-1"]
[BlackTitle "IM"]
[WhiteElo "2169"]
[BlackElo "2327"]
[WhiteFideId "8500134"]
[BlackFideId "402265"]
[EventDate "2014.12.08"]

1. e4 c5 2. Nf3 Nc6 3. d4 cxd4 4. Nxd4 Nf6 5. Nc3 d6 6. Bg5 e6 7. Qd2 Qb6 8.
O-O-O a6 9. f3 Qxd4 10. Qxd4 Nxd4 11. Rxd4 Bd7 12. Be2 Bc6 13. Re1 Be7 14. Bf1
O-O 15. Bh4 Rfb8 16. Bg3 Ne8 17. Nd1 b5 18. Ne3 Ra7 19. Kb1 Rc8 20. c3 g5 21.
Nc2 a5 22. Red1 h5 23. h3 Kg7 24. Bh2 Rb7 25. R4d2 Rcb8 26. Nd4 Bd7 27. e5 d5
28. g3 f5 29. f4 g4 30. hxg4 hxg4 31. Bg1 Nc7 32. Nb3 b4 33. c4 Ba4 34. Nxa5
Bxd1 35. Nxb7 Bf3 36. Nd6 Kg6 37. Kc2 dxc4 38. Bxc4 Nd5 39. Kd3 Rd8 40. Bc5 Rh8
41. a4 bxa3 42. bxa3 Rh3 43. Bf2 Rh1 44. Kd4 Bd8 45. Kd3 Rc1 46. Bxd5 Bxd5 47.
Rc2 Rd1+ 48. Kc3 Ra1 49. Bc5 Ba5+ 50. Kb2 Ra2+ 51. Kb1 Rxc2 52. Kxc2 Be1 53. a4
Bxg3 54. Be3 Be1 55. Nc8 Bf3 56. Nb6 g3 57. Nc4 Be2 58. Nb2 Kh5 59. Nd3 Ba5 60.
Nc5 Bc4 61. Nb3 Bb4 62. Nd2 Be2 63. Kb3 Ba5 64. Nc4 Be1 65. Nd2 Kg4 66. Kc3 Kh3
67. Kd4 Kh2 68. a5 g2 69. Nc4 Kg3 70. a6 Bf3 71. Kc5 Bf2 72. Bxf2+ Kxf2 73. Kd6
g1=Q 74. a7 Qd1+ 75. Ke7 Qa4 76. Nd6 Bd5 77. Nc8 Qa6 78. Kd8 Bb7 79. Nd6 Qxa7
80. Nxf5 Bc6 0-1

[Event "London Classic Open 2014"]
[Site "London ENG"]
[Date "2014.12.14"]
[Round "8.22"]
[White "Marzano, Carlo"]
[Black "Schoorl, Rob"]
[Result "1/2-1/2"]
[BlackTitle "FM"]
[WhiteElo "2166"]
[BlackElo "2327"]
[WhiteFideId "802980"]
[BlackFideId "1009508"]
[EventDate "2014.12.08"]

1. d4 e6 2. Nf3 Nf6 3. Bg5 h6 4. Bh4 c5 5. e3 b6 6. Nbd2 Bb7 7. Bd3 Be7 8. c3
O-O 9. O-O Nc6 10. a3 cxd4 11. cxd4 Nh5 12. Bxe7 Nxe7 13. Rc1 f5 14. Qc2 Nd5 15.
b4 d6 16. Qb3 a6 17. Rc2 Qd7 18. Rfc1 Nhf6 19. Qb2 Rac8 20. Rxc8 Rxc8 21. Rxc8+
Qxc8 22. Qc2 Qd7 23. Nb1 b5 24. Nfd2 Nb6 25. Nb3 g5 26. Na5 Ba8 27. Nd2 Kg7 28.
Bf1 Nfd5 29. g3 Qc7 30. Qxc7+ Nxc7 31. Bg2 Bxg2 32. Kxg2 Kf6 33. Kf1 e5 34.
dxe5+ dxe5 35. f3 h5 36. Ke2 Na4 1/2-1/2

[Event "London Classic Open 2014"]
[Site "London ENG"]
[Date "2014.12.14"]
[Round "8.23"]
[White "Webb, Matthew D"]
[Black "Sanders, Isaac B"]
[Result "1/2-1/2"]
[BlackTitle "FM"]
[WhiteElo "2141"]
[BlackElo "2323"]
[WhiteFideId "418250"]
[BlackFideId "417661"]
[EventDate "2014.12.08"]

1. e4 e5 2. Nf3 Nc6 3. Bc4 Nf6 4. d4 exd4 5. e5 d5 6. Bb5 Ne4 7. Nxd4 Bd7 8.
Bxc6 bxc6 9. O-O Bc5 10. f3 Ng5 11. Be3 Bb6 12. f4 Ne4 13. Nd2 c5 14. N4f3 Nxd2
15. Qxd2 d4 16. Bf2 O-O 17. Qd3 Qc8 18. c3 Bf5 19. Qc4 Rd8 20. cxd4 cxd4 21.
Nxd4 Bxd4 22. Bxd4 Qb7 23. Rad1 Qe4 24. Qc3 h5 25. Qe3 Qd5 26. b3 c5 27. Bc3
Qxd1 28. Rxd1 Rxd1+ 29. Kf2 Rd3 30. Qe1 Re8 31. Qc1 Red8 32. h3 h4 1/2-1/2

[Event "London Classic Open 2014"]
[Site "London ENG"]
[Date "2014.12.14"]
[Round "8.24"]
[White "Cumming, Rhys"]
[Black "Haugli, Petter"]
[Result "1-0"]
[BlackTitle "IM"]
[WhiteElo "2057"]
[BlackElo "2283"]
[WhiteFideId "470163"]
[BlackFideId "1500104"]
[EventDate "2014.12.08"]

1. e4 c5 2. Nf3 e6 3. d4 cxd4 4. c3 dxc3 5. Nxc3 Nc6 6. Bc4 d6 7. O-O Be7 8. Qe2
Nf6 9. Rd1 e5 10. Be3 O-O 11. Rac1 Be6 12. b4 Nxb4 13. Nxe5 Qa5 14. Nf3 Bxc4 15.
Qxc4 Nc6 16. Nd5 Nxd5 17. exd5 Nd8 18. Nd4 Re8 19. Qb5 Qxb5 20. Nxb5 Rf8 21.
Bxa7 f5 22. a4 Rf7 23. a5 Bf8 24. Bb6 Rd7 25. Nd4 g6 26. Rc4 Bh6 27. f4 Nf7 28.
g3 Re8 29. Ne6 g5 30. Rc7 Rxc7 31. Bxc7 gxf4 32. gxf4 Rc8 33. Rd4 Nh8 34. Rb4
Ng6 35. Rxb7 Nxf4 36. Nxf4 Bxf4 37. a6 1-0

[Event "London Classic Open 2014"]
[Site "London ENG"]
[Date "2014.12.14"]
[Round "8.25"]
[White "Sowray, Peter J"]
[Black "Roe, Simon J"]
[Result "1-0"]
[WhiteTitle "FM"]
[WhiteElo "2365"]
[BlackElo "2240"]
[WhiteFideId "400971"]
[BlackFideId "401471"]
[EventDate "2014.12.08"]

1. d4 d5 2. c4 e6 3. Nc3 c5 4. cxd5 exd5 5. Nf3 Nc6 6. g3 c4 7. Bg2 Bb4 8. O-O
Nge7 9. e4 O-O 10. exd5 Nxd5 11. Bg5 f6 12. Nxd5 Qxd5 13. Be3 Qf7 14. d5 Rd8 15.
Nd2 Ne7 16. Qa4 Bxd2 17. Bxd2 Nxd5 18. Qxc4 Be6 19. Qe2 Re8 20. Qf3 Rad8 21.
Rfc1 Qd7 22. Be1 Qf7 23. Rc2 Rd7 24. Rac1 Nb6 25. Qa3 Bf5 26. Rc5 Be4 27. Qxa7
Bxg2 28. Kxg2 Qe6 29. Qa3 Nd5 30. Qb3 h5 31. h4 b6 32. Rc6 Qe2 33. Rc8 Kf8 34.
Bb4+ Nxb4 35. Qxb4+ Qe7 36. Rxe8+ 1-0

[Event "London Classic Open 2014"]
[Site "London ENG"]
[Date "2014.12.14"]
[Round "8.26"]
[White "Hebden, Mark L"]
[Black "Williamson, Roger G"]
[Result "1-0"]
[WhiteTitle "GM"]
[WhiteElo "2523"]
[BlackElo "2160"]
[WhiteFideId "400084"]
[BlackFideId "414620"]
[EventDate "2014.12.08"]

1. d4 Nf6 2. Bg5 d5 3. e3 g6 4. Bxf6 exf6 5. c4 dxc4 6. Bxc4 Bd6 7. Nc3 O-O 8.
Nge2 Nd7 9. h4 h5 10. Qc2 Kg7 11. O-O-O Nb6 12. Bb3 a5 13. a3 c6 14. e4 a4 15.
Ba2 Qc7 16. Kb1 Be6 17. Bxe6 fxe6 18. Qd3 Ra5 19. g3 Qf7 20. Rhe1 e5 21. f4 Bxa3
22. bxa3 Qb3+ 23. Ka1 Nc4 24. Qb1 Qxa3+ 25. Qa2 b5 26. Qxa3 Nxa3 27. Rc1 Rc8 28.
dxe5 fxe5 29. Red1 Nc4 30. Rd7+ Kf6 31. Na2 Ke6 32. Rcd1 c5 33. R1d5 Rc6 34. Rg7
Kf6 35. Rdd7 b4 36. Rgf7+ 1-0

[Event "London Classic Open 2014"]
[Site "London ENG"]
[Date "2014.12.14"]
[Round "8.27"]
[White "Zhou, Yang-Fan"]
[Black "Shamima, Akter Liza"]
[Result "1-0"]
[WhiteTitle "IM"]
[BlackTitle "WIM"]
[WhiteElo "2477"]
[BlackElo "2159"]
[WhiteFideId "468584"]
[BlackFideId "10202587"]
[EventDate "2014.12.08"]

1. e4 c5 2. Nf3 e6 3. Nc3 Nc6 4. d4 cxd4 5. Nxd4 Qc7 6. f4 a6 7. Be3 Bb4 8. Nb3
Nf6 9. Bd3 d6 10. O-O Bxc3 11. bxc3 e5 12. f5 Bd7 13. c4 Na5 14. Nd2 b5 15. cxb5
axb5 16. Qe2 Nc4 17. Bxc4 bxc4 18. Bg5 c3 19. Nb3 Qb6+ 20. Rf2 Bb5 21. Qf3 Qc6
22. Bxf6 gxf6 23. Qe3 Ke7 24. Rf3 Rhc8 25. Rh3 Ra4 26. Rh4 Ba6 27. Nc1 Qc4 28.
h3 Rc7 29. Rb1 d5 30. Kh2 dxe4 31. Rxh7 Qd4 32. Qh6 Rc8 33. Qg7 Qc4 34. Rb6 Rc6
35. Rxc6 Qxc6 36. Qxf7+ Kd6 37. Nb3 e3 38. Qe6# 1-0

[Event "London Classic Open 2014"]
[Site "London ENG"]
[Date "2014.12.14"]
[Round "8.28"]
[White "Smith, Andrew Philip"]
[Black "Williams, Simon K"]
[Result "1/2-1/2"]
[WhiteTitle "FM"]
[BlackTitle "GM"]
[WhiteElo "2148"]
[BlackElo "2443"]
[WhiteFideId "2500833"]
[BlackFideId "404454"]
[EventDate "2014.12.08"]

1. e4 d6 2. d4 Nf6 3. Nc3 g6 4. Be3 c6 5. Qd2 b5 6. f3 Nbd7 7. a4 b4 8. Nd1 e5
9. dxe5 Nxe5 10. Nf2 Bg7 11. O-O-O O-O 12. Qxd6 Qa5 13. b3 Be6 14. Qc5 Qc7 15.
Qd6 1/2-1/2

[Event "London Classic Open 2014"]
[Site "London ENG"]
[Date "2014.12.14"]
[Round "8.29"]
[White "Hill, Alistair"]
[Black "McDonald, Neil"]
[Result "1/2-1/2"]
[BlackTitle "GM"]
[WhiteElo "2112"]
[BlackElo "2431"]
[WhiteFideId "432407"]
[BlackFideId "400629"]
[EventDate "2014.12.08"]

1. e4 e6 2. d4 d5 3. Nd2 dxe4 4. Nxe4 Bd7 5. Nf3 Bc6 6. Bd3 Nd7 7. O-O Ngf6 8.
Ng3 Be7 9. Re1 O-O 10. a3 b6 11. c4 Bb7 12. Bf4 c5 13. dxc5 Nxc5 14. Bc2 Qxd1
15. Raxd1 Rfd8 16. b4 Ncd7 17. Nf5 Bf8 18. Nd6 Bxf3 19. gxf3 a5 20. bxa5 bxa5
21. Nb5 Rdc8 22. Rc1 Nb6 23. Bd3 Na4 24. Rc2 Nc5 25. Bf1 Rd8 26. Rd2 Rxd2 27.
Bxd2 Nb3 28. Bc3 a4 29. Rd1 Bc5 30. Bd3 Kf8 31. Bc2 Ke7 32. Bb4 Bxb4 33. axb4
Rc8 34. Na3 Rb8 35. Nb5 Nd7 36. Bxb3 axb3 37. Rb1 Ne5 38. Rxb3 Nxc4 39. Nd4 Kd6
40. Kg2 Nb6 41. Nc2 Nd5 42. Kg3 Kc6 43. Nd4+ Kb6 44. f4 Rc8 45. Nf3 Rc4 46. Ng5
Rxf4 47. Rf3 Rxf3+ 48. Kxf3 Nxb4 49. Nxf7 1/2-1/2

[Event "London Classic Open 2014"]
[Site "London ENG"]
[Date "2014.12.14"]
[Round "8.30"]
[White "Gupta, Arul"]
[Black "Holm, Kristian Stuvik"]
[Result "0-1"]
[BlackTitle "FM"]
[WhiteElo "2065"]
[BlackElo "2326"]
[WhiteFideId "422622"]
[BlackFideId "1508083"]
[EventDate "2014.12.08"]

1. e4 c5 2. Nf3 Nc6 3. Bb5 Nf6 4. Qe2 g6 5. O-O Bg7 6. c3 O-O 7. d4 cxd4 8. cxd4
d5 9. e5 Ne8 10. h3 Nc7 11. Bxc6 bxc6 12. Be3 Ba6 0-1

[Event "London Classic Open 2014"]
[Site "London ENG"]
[Date "2014.12.14"]
[Round "8.31"]
[White "Paterek, Michal"]
[Black "Corsino, Gianluca"]
[Result "1/2-1/2"]
[WhiteTitle "FM"]
[WhiteElo "2313"]
[BlackElo "2140"]
[WhiteFideId "1116142"]
[BlackFideId "816930"]
[EventDate "2014.12.08"]

1. d4 Nf6 2. c4 e6 3. Nc3 Bb4 4. e3 O-O 5. Ne2 d5 6. a3 Bd6 7. Ng3 c6 8. Bd3 e5
9. dxe5 Bxe5 10. cxd5 Bxc3+ 11. bxc3 cxd5 12. O-O Nc6 13. a4 Ne5 14. Be2 Re8 15.
Ba3 Qc7 16. Qd4 Nc4 17. Qc5 Qxc5 18. Bxc5 Nd2 19. Bd4 Nxf1 20. Nxf1 Ne4 21. Rb1
Nd6 22. g4 Be6 23. Ng3 Rec8 24. Nh5 Ne8 1/2-1/2

[Event "London Classic Open 2014"]
[Site "London ENG"]
[Date "2014.12.14"]
[Round "8.32"]
[White "Johansson, Toni"]
[Black "Buchicchio, Giampaolo"]
[Result "0-1"]
[BlackTitle "FM"]
[WhiteElo "2062"]
[BlackElo "2301"]
[WhiteFideId "1703269"]
[BlackFideId "811491"]
[EventDate "2014.12.08"]

1. c4 Nf6 2. g3 c6 3. Bg2 d5 4. b3 Bf5 5. Bb2 e6 6. d3 h6 7. Nf3 Nbd7 8. O-O Bh7
9. Nbd2 Bc5 10. a3 a5 11. Bc3 O-O 12. b4 Bb6 13. Qb3 Bc7 14. Qb2 Re8 15. Ne5 Nb6
16. Nef3 Na4 17. Qb3 Nxc3 18. Qxc3 e5 19. cxd5 cxd5 20. Rac1 Bd6 21. e4 axb4 22.
axb4 Qe7 23. Qb3 b5 24. exd5 Ra4 25. Ne1 Rxb4 26. Qa2 Rd4 27. Qb3 Rb4 28. Qa2
Bf5 29. Nc2 Ra4 30. Qb3 Bd7 31. Rfe1 Qd8 32. Ne4 Nxe4 33. dxe4 Qb6 34. Bf1 Rb8
35. Bd3 Qa5 36. Ne3 Ra3 37. Qd1 Qa7 38. Re2 g6 39. Rec2 Qd4 40. Rd2 Qa7 41. Ng4
Kg7 42. Qf3 f5 43. Ne3 f4 44. gxf4 exf4 45. e5 Re8 46. exd6 fxe3 47. fxe3 Bg4
48. Rc7+ Qxc7 49. dxc7 Bxf3 50. d6 Bc6 51. Be4 Bd7 52. Bc6 Bxc6 53. d7 Bxd7 54.
Rxd7+ Kf6 55. Rd8 Ra8 0-1